000 00533nam a2200193Ia 4500
003 GCL
008 140319s9999 xx 000 0 eng d
040 _aGCL /
_cGCL
082 0 4 _a006.3
_bF S
100 1 _aFREEMAN, JAMES
245 1 0 _aSIMULATING NEURAL NETWORKS WITH MATHEMATICA /
_cFREEMAN, JAMES
260 _a[S.N] :
_bADDISON - WESLEY PUBLISHING COMPANY ،
_c1994
300 _a341 P
650 0 4 _aشعر الحرب
650 0 4 _aNEURAL NETWORKS
650 0 4 _aMATHEMATICS
650 0 4 _aCOMPUTER PROGRM
942 _2ddc
_cBK
999 _c25166
_d25166